Global trends in flexible labour /
This book is about: Flexible labour and non-satndard employment; Economies of time; Flexible work in the virtual workplace; ...
Uloženo v:
| Médium: | Kniha |
|---|---|
| Jazyk: | English |
| Vydáno: |
Basingstoke :
Macmillan Business,
1999
|
| Témata: | |
| Tagy: |
Přidat tag
Žádné tagy, Buďte první, kdo otaguje tento záznam!
|
| Thư viện lưu trữ: | Mạng thư viện Đại học Đà Nẵng |
|---|
| LEADER | 00998cam a2200349 i 4500 | ||
|---|---|---|---|
| 001 | 000048330 | ||
| 003 | 8045 | ||
| 005 | 20021115151334.0 | ||
| 008 | 010315|1999 vm 000 eng | ||
| 020 | |a 0333729994 | ||
| 040 | |a IRC |c IRC |d IRC | ||
| 041 | 0 | |a eng | |
| 082 | 1 | 4 | |a 331.2572 |b Gl-T |
| 245 | 0 | 0 | |a Global trends in flexible labour / |c Edited by Alan Felstead and Nick Jewson |
| 260 | |a Basingstoke : |b Macmillan Business, |c 1999 | ||
| 300 | |a xii, 213 p. : |b ill.; |c 23.5cm | ||
| 520 | 3 | |a This book is about: Flexible labour and non-satndard employment; Economies of time; Flexible work in the virtual workplace; ... | |
| 630 | 0 | 4 | |a Labor |
| 630 | 0 | 4 | |a Flexible |
| 650 | 0 | 4 | |a Hours of labor, Flexible. |
| 650 | 0 | 4 | |a Labor market. |
| OWN | |a DUT | ||
| 049 | 0 | 0 | |a mt |
| 999 | |a From the UDN01 | ||
| TYP | |a Monograph | ||
| TYP | |a Printed language | ||
| 980 | |a Mạng thư viện Đại học Đà Nẵng | ||


